000
00344nam a2200145 a 4500
005
20140414131844.0
008
100524s19uu xx 00 eng d
050
_a
M 155.4
_b
B84 1998
100
_a
Bryant-Mole, Karen
245
_a
I'm happy.
260
_c
1998.
650
_a
Happy
_x
Juvenile literature
999
_c
109856
_d
109856